Statistics for FIFA 19 TOP 100 PLAYERS

Click here to take the quiz!

General Stats

  • This quiz has been taken 395 times
    (367 since last reset)
  • The average score is 66 of 100

Answer Stats

RatingPlayerClub% Correct
94Cristiano RonaldoJuventus
100%
94Lionel MessiBarcelona
100%
86NaldoSchalke
100%
92NeymarParis Saint-Germain
99%
91Kevin De BruyneManchester City
96%
91Eden HazardChelsea
95%
91Luka ModrićReal Madrid
95%
91Sergio RamosReal Madrid
95%
91David De GeaManchester United
94%
91Luis SuárezBarcelona
94%
90Toni KroosReal Madrid
91%
88Mohamed SalahLiverpool
90%
90Jan OblakAtletico Madrid
89%
90Robert LewandowskiBayern Munich
89%
89Sergio AgūeroManchester City
89%
89Harry KaneTottenham Hotspur
88%
90Manuel NeuerBayern Munich
87%
89Antoine GriezmannAtletico Madrid
86%
89David SilvaManchester City
85%
90Diego GodínAtletico Madrid
85%
88Thiago SilvaParis Saint-Germain
85%
90Thibaut CourtoisReal Madrid
85%
89Paulo DybalaJuventus
83%
88Paul PogbaManchester United
83%
86Sadio ManéLiverpool
83%
88MarceloReal Madrid
80%
88Gareth BaleReal Madrid
79%
89N'Golo KantéChelsea
79%
87Gerard PiquéBarcelona
78%
89Giorgio ChielliniJuventus
78%
89Mats HummelsBayern Munich
77%
87Kylian MbappéParis Saint-Germain
76%
87Andrés IniestaVissel Kobe
75%
89Edinson CavaniParis Saint-Germain
75%
89Marc-André ter StegenBarcelona
75%
87Dries MertensNapoli
74%
88Hugo LlorisTottenham Hotspur
74%
87Jordi AlbaBarcelona
74%
87Romelu LukakuManchester United
74%
86Raphaël VaraneReal Madrid
73%
86Roberto FirminoLiverpool
73%
86Leonardo BonucciJuventus
72%
85Zlatan IbrahimovićLA Galaxy
72%
86Jerome BoatengBayern Munich
71%
88Lorenzo InsigneNapoli
71%
88CasemiroReal Madrid
70%
88Gonzalo HiguaínAC Milan
70%
87Pierre-Emerick AubameyangArsenal
70%
88Sergio BusquetsBarcelona
70%
88Gianluigi BuffonParis Saint-Germain
67%
88Philippe CoutinhoBarcelona
67%
87Keylor NavasReal Madrid
66%
88Christian EriksenTottenham Hotspur
65%
86Leroy SanéManchester City
65%
85Raheem SterlingManchester City
65%
88Samir HandanovićInter Milan
65%
87Ivan RakitićBarcelona
64%
86Thiago AlcantaraBayern Munich
64%
86Thomas MüllerBayern Munich
64%
87Samuel UmtitiBarcelona
63%
86Mesut ÖzilArsenal
62%
85Virgil Van DijkLiverpool
62%
87Ciro ImmobileLazio
61%
86EdersonManchester City
61%
89IscoReal Madrid
60%
87Kalidou KoulibalyNapoli
60%
87Mauro IcardiInter Milan
60%
85David AlabaBayern Munich
59%
85Diego CostaAtletico Madrid
59%
86Douglas CostaJuventus
59%
85Marco ReusBorussia Dortmund
59%
85AlissonLiverpool
57%
85Arjen RobbenBayern Munich
56%
85Joshua KimmichBayern Munich
56%
86Marco VerrattiParis Saint-Germain
56%
87Alexis SánchezManchester United
55%
87Jan VertonghenTottenham Hotspur
54%
85KokeAtletico Madrid
52%
87Marek HamšíkNapoli
52%
85Edin DžekoAS Roma
51%
88James RodríguezBayern Munich
50%
86Miralem PjanićJuventus
50%
85Vincent KompanyManchester City
48%
86FernandinhoManchester City
45%
85Sergej Milinković-SavićLazio
44%
86Alex SandroJuventus
43%
85FabinhoLiverpool
41%
85Marco AsensioReal Madrid
40%
85Riyad MahrezManchester City
38%
85Arturo VidalBarcelona
36%
86Ivan PeriśićInter Milan
36%
86Nicolás OtamendiManchester City
36%
86Dani ParejoValencia
35%
85Blaise MatuidiJuventus
33%
85Kostas ManolasAS Roma
32%
86Nemanja MatićManchester United
32%
85Radja NainggolanInter Milan
31%
86Cesar AzpilicuetaChelsea
30%
85Filipe LuísAtletico Madrid
25%
86Medhi BenatiaJuventus
14%

Score Distribution

Percentile by Number Answered

Percent of People with Each Score

Your Score History

You have not taken this quiz since the last reset